|
|
|
|
| LEADER |
00887nam a2200229 a 4500 |
| 001 |
28432 |
| 003 |
BD-DhAAL |
| 005 |
20141019112317.0 |
| 008 |
141914s2013 bd 000 1 eng |
| 020 |
|
|
|a 9847002002530
|
| 040 |
|
|
|a BD-DhAAL
|c BD-DhAAL
|
| 082 |
0 |
0 |
|a 823/.6
|2 22
|
| 100 |
1 |
|
|a Johnson, Samuel,
|d 1709-1784.
|9 5719
|
| 240 |
1 |
0 |
|a Rasselas
|
| 245 |
1 |
4 |
|a The history of Rasselas :
|b prince of Abissinia /
|c Samuel Johnson ; with a detailed introduction by FBC editorial board.
|
| 260 |
|
|
|a Dhaka :
|b Friends' Book Corner,
|c 2013.
|
| 300 |
|
|
|a lxxx, 160 p. ;
|c 20 cm.
|
| 541 |
|
|
|e 28432
|
| 650 |
|
0 |
|a Happiness
|v Fiction.
|9 5720
|
| 942 |
|
|
|2 ddc
|c BK
|
| 999 |
|
|
|c 32943
|d 32943
|
| 952 |
|
|
|0 0
|1 0
|2 ddc
|4 0
|6 823_600000000000000_JOH
|7 0
|9 43867
|a BRACUL
|b BRACUL
|c GEN
|d 2014-10-19
|e Friends book corner
|g 90.00
|l 0
|o 823.6 JOH
|p 3010028432
|r 2014-10-19
|t 1
|w 2014-10-19
|y BK
|x Transferred from BIL to BRACUL on 06/06/22
|